Accounting for hospitality, tourism and leisure
Αποθηκεύτηκε σε:
| Κύριος συγγραφέας: | |
|---|---|
| Μορφή: | Βιβλίο |
| Γλώσσα: | English |
| Δημοσίευση: |
Essex :
Longman,
1998
|
| Έκδοση: | 2nd ed. |
| Θέματα: | |
| Ετικέτες: |
Προσθήκη ετικέτας
Δεν υπάρχουν, Καταχωρήστε ετικέτα πρώτοι!
|
MARC
| LEADER | 00000cam a2200000 i 4500 | ||
|---|---|---|---|
| 001 | 1/1752 | ||
| 008 | 000418s1998 eng d | ||
| 020 | |a 0-582-31295-7 | ||
| 035 | |l 10060142 | ||
| 040 | |a GR-MY-UA |b gre |e aacr | ||
| 041 | 0 | |a eng | |
| 082 | 0 | |a 657.837 | |
| 100 | 1 | |a Owen, Gareth. | |
| 245 | 1 | 0 | |a Accounting for hospitality, tourism and leisure / |c Gareth Owen |
| 250 | |a 2nd ed. | ||
| 260 | |a Essex : |b Longman, |c 1998 | ||
| 300 | |a xii, 460 p. | ||
| 504 | |a Includes index | ||
| 650 | 0 | 0 | |a Accounting. |
| 650 | 0 | 0 | |a Service industries. |
| 852 | |a INST |b CHIOS |e 20000419 |h 657.837 OWE |p 005200017731 |q 005200017731 |t BK |y 0 | ||
| 852 | |a INST |b CHIOS |e 20000418 |h 657.837 OWE |p 005200017732 |q 005200017732 |t BK |y 0 | ||
| 901 | |a BIBL2-1999-3 | ||
| 901 | |a BIBL2-2000-1 | ||
| 920 | |a ΔΙΑΤΜΗΜΑΤΙΚΟ "ΣΧΕΔΙΑΣΜΟΣ, ΔΙΟΙΚΗΣΗ ΚΑΙ ΠΟΛΙΤΙΚΗ ΤΟΥ ΤΟΥΡΙΣΜΟΥ" |y ΧΙΟΣ |z 1999-12 | ||
| 922 | |a 2ΕΛΗ |b 200004 |c ΤΔΕ |d ΠΑΠΑΣΩΤΗΡΙΟΥ | ||
| 950 | |a 112-1999-11-11 | ||
| 970 | |a ΣΠΕΝΤΖΑ |b ΕΛΕΝΗ |z 1999/12/21 | ||